| 000 | 01583nam0a2200361 4500 | ||
|---|---|---|---|
| 001 | RU\NLR\bibl\3344 | ||
| 005 | 20260406042900.0 | ||
| 010 |
_a5-89382-012-6 _910000 |
||
| 021 |
_aRU _b98-1555 _977 |
||
| 035 | _a(NLR Aleph) 000003228 | ||
| 090 |
_a6682 _c6682 |
||
| 100 | _a19980715d1997 |||y0rusy50 ca | ||
| 101 | 0 |
_arus _ager _eger |
|
| 102 | _aRU | ||
| 105 | _a||||||||||||| | ||
| 200 | 1 |
_aРазноцветные ступеньки _eКн. для чтения к Учеб. нем. яз. для 3 кл. шк. с углубл. изуч. нем. яз. _fСост. Г.В. Яцковская, Н.П. Каменецкая |
|
| 205 | _a4-е изд. | ||
| 210 |
_aМ. _cДом педагогики _d1997 |
||
| 215 |
_a96 с. _cил., нот., цв. ил. _d21 |
||
| 300 | _aНа обл.: Bunte Stufen: Lesebuch: Deutsch 3 / Galina Jatzkowskaja, Nodeshda Kamenetzkaja | ||
| 300 | _aНа обороте тит. л.: 3-е изд. | ||
| 512 | 1 |
_6z45790 _aBunte Stufen _eLesebuch |
|
| 605 |
_aBunte Stufen 3 _2psbo |
||
| 686 | _aШ143.24-93рус.221[3]хрест. | ||
| 702 | 1 |
_4220 _8rus _7ca _aЯцковская _bГ.В. _gГалина Васильевна _3RU\NLR\auth\773022 _9113029 |
|
| 790 | 1 |
_4070 _8rus _7ba _aJackovskaja _bG.V. _gGalina Vasil'evna _3RU\NLR\auth\773023 _9113030 |
|
| 790 | 1 |
_4070 _8rus _7ba _aKameneckaja _bN. P. _gNadežda Petrovna _3RU\NLR\auth\773025 _9113032 |
|
| 801 | 0 |
_aRU _bNLR _c19980715 _gPSBO |
|
| 801 | 1 |
_aRU _bNLR _c19980715 |
|
| 830 | _aАвт. раскрыты по кн. О.к. давать не надо | ||
| 852 |
_aNLR _j98-6/157 |
||
| 942 | _cBOOK | ||
| 980 | _aNB | ||